00775nam a2200277Ia 4500008004000000020001800040041000800058082001600066100002100082245006700103260002400170300001000194650001000204650000900214650000700223650001200230650001000242650001100252650001000263650000900273650001000282690001700292906001100309999001900320952015800339210210b2008 xxu||||| |||| 00| 0 eng d a9788124802229 aeng aH891.7 JAVJ aJAVLI (Je Pi Es) aJavli ankal hansna jindagi hai: jindagi ke rang hansi ke sangh aNayi Dillib-c2008 ax,198 asangh arang ake ajindagi aJavli ahansna ahansi ahai: aankal aHindi Humour a065161 c142447d142447 001040708HindiaALbALcHindi Literatured2021-02-17eAlka Prakashan Kanpur-208007g95.00l0oH891.7 JAVJp065161r2021-02-17 00:00:00w2021-02-17yBK